000 00782nam a22001937a 4500
003 BD-DhUL
005 20160904192155.0
008 160904s2001 b ||||| |||| 00| 0 eng d
040 _cBD-DhUL
_dBD-DhUL
082 _a954
_bCHB
100 _aচাকমা, শরদিন্দু শেখর
245 1 0 _aভারত বিভাগ এবং জিন্নাহর ভূমিকা /
_cশরদিন্দু শেখর চাকমা,
260 _aঢাকা :
_bআফসার ব্রাদার্স,
_c২০০১.
300 _a৮৯ পৃ. ;
_c২২ সে. মি
651 _aভারত
_xইতিহাস
651 _aIndia
_xHistory
700 _aসেনগুপ্ত, গৌরাঙ্গ গোপাল
942 _2ddc
_cBK
999 _c104070
_d104070